Vocabulaire basique du "Chinois" - Statistiques

Statistiques générales
  • Ce quiz a été pris 247 fois
  • Le résultat moyen est 17 sur 26
Statistiques - réponses
Caractère chinois Pin Yin (écriture avec l'alphabet) Diction à la française Traduction % Correct
你好 Nǐ hǎo Ni Rao Bonjour
99%
谢谢 Xiè xiè Sié Sié Merci
96%
Tchi 7
88%
I 1
87%
Shí She 10
87%
Èr Ar / Er 2
87%
Sān Sane 3
87%
Se 4
87%
Wou 5
87%
Liù Lio 6
87%
Ba 8
87%
Jiǔ Dzio 9
87%
再见 Zàijiàn Zai Dzian Au revoir
84%
Rén Jen Personne
77%
Ma Cheval
71%
Gǒu Gow Chien
59%
Lóng Longue Dragon
47%
Niú Nio Boeuf
44%
Yáng Yang Chèvre
40%
Dzi Coq
40%
Zhū Djou Cochon
38%
Tou Lapin
35%
Shǔ Chou Rat
35%
Rou Tigre
34%
Shé Che Serpent
33%
Hóu Row Singe
29%
Aucun quiz correspondant
Distribution des résultats
% des personnes avec chaque résultat
Percentile par nombre de réponses
Votre historique - résultats
Vous n’avez pas pris ce quiz